| 000 | 00495nam a2200193Ia 4500 | ||
|---|---|---|---|
| 005 | 20230128115955.0 | ||
| 008 | 131103s9999 xx 000 0 und d | ||
| 020 | _a014003755 1 | ||
| 040 | _aLoreto College | ||
| 041 | _aEnglish | ||
| 082 |
_a833 _bHES |
||
| 100 | _aHesse,Hermann | ||
| 245 | 4 |
_aThe prodigy _cHermann Hesse;translated by W.J.Stracham |
|
| 260 |
_aHarmoundsworth _bPenguin Books _c1978 |
||
| 300 | _a160 p. | ||
| 700 | _aStrachan,W.J.,tr. | ||
| 850 | _aLCLIB | ||
| 942 | _cBK | ||
| 999 |
_c5396 _d55875 |
||